ბათუმის შოთა რუსთაველის სახელმწიფო უნივერსიტეტის ბიბლიოთეკა

Частная физиотерапия (ბიბ.ჩანაწერი № 45360)

000 -LEADER
fixed length control field 00689nam a2200229Ia 4500
001 - CONTROL NUMBER
control field 12184
003 - CONTROL NUMBER IDENTIFIER
control field GE_BSU
008 - FIXED-LENGTH DATA ELEMENTS--GENERAL INFORMATION
fixed length control field 181216s||||||||xx |||||||||||||| ||und||
020 ## - INTERNATIONAL STANDARD BOOK NUMBER
International Standard Book Number 5225046762
040 ## - CATALOGING SOURCE
Transcribing agency GE_BSU
080 ## - UNIVERSAL DECIMAL CLASSIFICATION NUMBER
Universal Decimal Classification number 615.83(075.8)
245 ## - TITLE STATEMENT
Title Частная физиотерапия
245 ## - TITLE STATEMENT
Remainder of title Уч. пособие для слушателей системы последипломного образования
245 ## - TITLE STATEMENT
Statement of responsibility, etc. Под.ред. Г.Н.Пономаренко
260 ## - PUBLICATION, DISTRIBUTION, ETC.
Place of publication, distribution, etc. Москва
260 ## - PUBLICATION, DISTRIBUTION, ETC.
Name of publisher, distributor, etc. Медицина
260 ## - PUBLICATION, DISTRIBUTION, ETC.
Date of publication, distribution, etc. 2005
300 ## - PHYSICAL DESCRIPTION
Extent 744стр.24см.
653 ## - INDEX TERM--UNCONTROLLED
Uncontrolled term Частная физиотерапия
942 ## - ADDED ENTRY ELEMENTS (KOHA)
Koha item type წიგნი
ეგზემპლარები
Withdrawn status Lost status Damaged status Not for loan Date acquired Barcode Date last seen Price effective from Koha item type
        2018-12-17 36095 2018-12-17 2018-12-17 წიგნი